|
|
|
|
| LEADER |
00000nam0a2200000 4500 |
| 001 |
291173 |
| 005 |
20231102000348.0 |
| 020 |
|
|
|a RU
|b 83-23218
|
| 035 |
|
|
|a (RuTPU)RU\TPU\book\315738
|
| 090 |
|
|
|a 291173
|
| 100 |
|
|
|a 20150413d1983 m y0rusy5003 ca
|
| 101 |
0 |
|
|a rus
|
| 102 |
|
|
|a RU
|
| 105 |
|
|
|a a j 001zy
|
| 200 |
1 |
|
|a Основы конструирования и агрегатирования
|e учебное пособие для вузов
|f С. В. Крейтер, А. Р. Нестеров, В. В. Данилевский
|
| 210 |
|
|
|a Москва
|c Изд-во стандартов
|d 1983
|
| 215 |
|
|
|a 224 с.
|c ил.
|
| 606 |
1 |
|
|a Машиностроение
|x Проектно-конструкторские работы
|2 stltpush
|3 (RuTPU)RU\TPU\subj\41465
|9 61255
|
| 610 |
1 |
|
|a конструирование
|
| 610 |
1 |
|
|a агрегатирование
|
| 610 |
1 |
|
|a соединения
|
| 610 |
1 |
|
|a детали
|
| 610 |
1 |
|
|a сборочные единицы
|
| 610 |
1 |
|
|a сборка
|
| 610 |
1 |
|
|a рабочие чертежи
|
| 610 |
1 |
|
|a художественное проектирование
|
| 610 |
1 |
|
|a учебные пособия
|
| 675 |
|
|
|a 621.001.66(075.32)
|z rus
|v 3
|
| 700 |
|
1 |
|a Крейтер
|b С. В.
|g Сергей Владимирович
|
| 701 |
|
1 |
|a Нестеров
|b А. Р.
|g Александр Ростиславович
|
| 701 |
|
1 |
|a Данилевский
|b В. В.
|g Владимир Викторович
|
| 801 |
|
0 |
|a RU
|b RuMRKP
|c 19950704
|g psbo
|
| 801 |
|
1 |
|a RU
|b 63413507
|c 20150413
|
| 801 |
|
2 |
|a RU
|b 63413507
|c 20210218
|g RCR
|
| 942 |
|
|
|c BK
|